Les 20 meilleurs buteurs de l'histoire de la Premier League 1992-... - Statistiques

Statistiques générales
  • Ce quiz a été pris 280 fois
  • Le résultat moyen est 12 sur 20
Statistiques - réponses
Classement Club où le joueur
à le plus marqué
Période d'activité
(en PL)
Nationalité Buts Joueur % Correct
3 Tottenham Hotspur 2011 - ... Angleterre 205 Harry Kane
98%
7 Arsenal 1999 - 2012 Français 175 Thierry Henry
96%
2 Manchester United 2002 - 2018 Angleterre 208 Wayne Rooney
96%
5 Manchester City 2011 - 2021 Argentin 184 Sergio Agüero
91%
15 Liverpool 2014 - ... Egyptien 132 Mohamed Salah
87%
6 Chelsea 1995 - 2015 Angleterre 177 Frank Lampard
83%
14 Leicester City 2012 - ... Angleterre 134 Jamie Vardy
79%
1 Newcastle United 1988 - 2006 Angleterre 260 Alan Shearer
77%
13 Arsenal 2004 - 2015 Néerlendais 144 Robin van Persie
77%
20 Everton 2011 - ... Belge 121 Romelu Lukaku
73%
10 Liverpool 1997 - 2013 Angleterre 150 Micheal Owen
55%
17 Tottenham Hotspur 1997 - 2012 Irlandais 126 Robbie Keane
53%
18 Manchester City 1997 - 2014 Français 125 Nicolas Anelka
43%
4 Manchester United 1989 - 2008 Angleterre 187 Andy Cole
40%
9 Tottenham Hotspur 2000 - 2020 Angleterre 162 Jermain Defoe
29%
19 Manchester United 1989 - 2009 Trinidadien 123 Dwight Yorke
28%
8 Liverpool 1992 - 2007 Angleterre 163 Robbie Fowler
20%
16 Chelsea 1997 - 2007 Néerlendais 127 Jimmy Floyd Hasselbaink
16%
12 Tottenham Hotspur 1991 - 2007 Angleterre 146 Teddy Sheringham
14%
11 Queens Park Rangers 1986 - 2006 Angleterre 149 Les Ferdinand
8%
Aucun quiz correspondant
Distribution des résultats
% des personnes avec chaque résultat
Percentile par nombre de réponses
Votre historique - résultats
Vous n’avez pas pris ce quiz